Composers - Sudden Death - Statistics

General Stats
  • This quiz has been taken 479 times
  • The average score is 12 of 16
Answers on the Grid
Answers color-coded by a green-red scale on the quiz's grid according to % correct below.
Beethoven
Mozart
Bach
Dvořák
Piazzolla
Bucatini
Vermicelli
Handel
Rigatoni
Maisky
Weisse
Debussy
Garçon
Vivaldi
Bacv̆a
Saint-Saëns
Lebeau
Labelle
Beauchêne
Monteverdi
Machiavelli
Rousseau
Haydn
Dawidowski
Mendelssohn
Schumann
Verdi
Strauss
Stravinsky
Curie
Bruegel
Nietzsche
 
Answer Stats
Answer % Correct
Mozart
86%
Vivaldi
84%
Beethoven
83%
Bach
82%
Handel
80%
Debussy
78%
Strauss
78%
Stravinsky
77%
Verdi
75%
Haydn
74%
Schumann
73%
Dvořák
71%
Mendelssohn
68%
Saint-Saëns
64%
Monteverdi
51%
Piazzolla
35%
No matching quizzes found
Score Distribution
Percent of People with Each Score
Percentile by Number Answered
Your Score History
You have not taken this quiz